Minnesota Twins Opening Day Lineups Since 2000 - Statistics

General Stats
  • This quiz has been taken 29 times
  • The average score is 122 of 259
Answer Stats
Year Position Player % Correct
2004 C Joe Mauer
89%
2005 C Joe Mauer
89%
2006 C* Joe Mauer
89%
2007 C Joe Mauer
89%
2008 C* Joe Mauer
89%
2010 C* Joe Mauer
89%
2011 C Joe Mauer
89%
2012 C* Joe Mauer
89%
2013 C* Joe Mauer
89%
2014 1B Joe Mauer
89%
2015 1B Joe Mauer
89%
2016 1B Joe Mauer
89%
2017 1B Joe Mauer
89%
2018 1B Joe Mauer
89%
2016 CF Byron Buxton
84%
2017 CF Byron Buxton
84%
2018 CF Byron Buxton
84%
2019 CF Byron Buxton
84%
2021 CF Byron Buxton
84%
2022 CF* Byron Buxton
84%
2023 DH Byron Buxton
84%
2024 CF Byron Buxton
84%
2025 CF Byron Buxton
84%
2024 1B Carlos Santana
84%
2015 SS Danny Santana
84%
2016 SP Ervin Santana
84%
2017 SP* Ervin Santana
84%
2006 SP* Johan Santana
84%
2007 SP* Johan Santana
84%
2005 1B Justin Morneau
84%
2006 1B Justin Morneau
84%
2007 1B* Justin Morneau
84%
2008 1B* Justin Morneau
84%
2009 1B* Justin Morneau
84%
2010 1B* Justin Morneau
84%
2011 1B Justin Morneau
84%
2012 DH Justin Morneau
84%
2013 1B Justin Morneau
84%
2000 CF Torii Hunter
84%
2001 CF Torii Hunter
84%
2002 CF* Torii Hunter
84%
2003 CF Torii Hunter
84%
2004 CF Torii Hunter
84%
2005 CF Torii Hunter
84%
2006 CF Torii Hunter
84%
2007 CF* Torii Hunter
84%
2015 RF Torii Hunter
84%
2022 SS Carlos Correa
79%
2023 SS Carlos Correa
79%
2024 SS* Carlos Correa
79%
2025 SS Carlos Correa
79%
2017 RF Max Kepler
68%
2018 RF Max Kepler
68%
2019 RF Max Kepler
68%
2020 RF Max Kepler
68%
2021 RF Max Kepler
68%
2022 RF Max Kepler
68%
2023 RF Max Kepler
68%
2024 RF Max Kepler
68%
2023 SP* Pablo López
68%
2024 SP Pablo López
68%
2025 SP Pablo López
68%
2013 2B Brian Dozier
63%
2014 2B Brian Dozier
63%
2015 2B* Brian Dozier
63%
2016 2B Brian Dozier
63%
2017 2B Brian Dozier
63%
2018 2B Brian Dozier
63%
2022 SP Joe Ryan
63%
2017 SS Jorge Polanco
63%
2019 SS* Jorge Polanco
63%
2020 SS Jorge Polanco
63%
2021 2B Jorge Polanco
63%
2022 2B Jorge Polanco
63%
2025 RF Matt Wallner
63%
2022 C Ryan Jeffers
63%
2024 C Ryan Jeffers
63%
2025 C Ryan Jeffers
63%
2009 LF Denard Span
58%
2010 CF Denard Span
58%
2011 CF Denard Span
58%
2012 CF Denard Span
58%
2017 C Jason Castro
58%
2018 C Jason Castro
58%
2006 SS Juan Castro
58%
2003 RF Michael Cuddyer
58%
2005 3B Michael Cuddyer
58%
2007 RF Michael Cuddyer
58%
2008 RF Michael Cuddyer
58%
2009 RF Michael Cuddyer
58%
2010 RF Michael Cuddyer
58%
2011 RF* Michael Cuddyer
58%
2019 C Mitch Garver
58%
2020 C Mitch Garver
58%
2021 C Mitch Garver
58%
2007 3B Nick Punto
58%
2009 SS Nick Punto
58%
2010 3B Nick Punto
58%
2024 3B Royce Lewis
58%
2024 LF* Willi Castro
58%
2025 2B Willi Castro
58%
2021 SS Andrelton Simmons
53%
2016 LF Eddie Rosario
53%
2017 LF Eddie Rosario
53%
2018 LF Eddie Rosario
53%
2019 LF Eddie Rosario
53%
2020 LF Eddie Rosario
53%
2022 DH Gary Sánchez
53%
2020 SP José Berríos
53%
2020 3B Josh Donaldson
53%
2021 3B Josh Donaldson
53%
2016 RF Miguel Sanó
53%
2017 3B* Miguel Sanó
53%
2018 3B Miguel Sanó
53%
2020 1B Miguel Sanó
53%
2021 1B Miguel Sanó
53%
2022 1B Miguel Sanó
53%
2013 3B Trevor Plouffe
53%
2014 3B Trevor Plouffe
53%
2015 3B Trevor Plouffe
53%
2016 3B Trevor Plouffe
53%
2000 SP Brad Radke
47%
2001 SP Brad Radke
47%
2002 SP Brad Radke
47%
2004 SP Brad Radke
47%
2005 SP Brad Radke
47%
2019 1B C.J. Cron
47%
2001 DH David Ortiz
47%
2002 DH David Ortiz
47%
2025 LF Harrison Bader
47%
2019 2B Jonathan Schoop
47%
2019 DH Nelson Cruz
47%
2020 DH Nelson Cruz
47%
2023 LF Trevor Larnach
47%
2025 DH Trevor Larnach
47%
2001 C A.J. Pierzynski
42%
2002 C* A.J. Pierzynski
42%
2003 C A.J. Pierzynski
42%
2023 C Christian Vázquez
42%
2009 SP Francisco Liriano
42%
2022 3B Gio Urshela
42%
2018 SP Jake Odorizzi
42%
2019 SP* Jake Odorizzi
42%
2023 3B José Miranda
42%
2025 3B José Miranda
42%
2000 3B Corey Koskie
37%
2001 3B Corey Koskie
37%
2002 3B Corey Koskie
37%
2003 3B Corey Koskie
37%
2004 3B Corey Koskie
37%
2000 SS Cristian Guzmán
37%
2001 SS* Cristian Guzmán
37%
2002 SS Cristian Guzmán
37%
2003 SS Cristian Guzmán
37%
2004 SS Cristian Guzmán
37%
2016 SS Eduardo Escobar
37%
2018 SS Eduardo Escobar
37%
2000 LF Jacque Jones
37%
2001 LF Jacque Jones
37%
2002 LF Jacque Jones
37%
2003 LF Jacque Jones
37%
2004 RF Jacque Jones
37%
2005 RF Jacque Jones
37%
2006 RF Jason Kubel
37%
2009 DH Jason Kubel
37%
2010 DH Jason Kubel
37%
2011 DH Jason Kubel
37%
2021 SP Kenta Maeda
37%
2020 2B Luis Arráez
37%
2021 LF Luis Arráez
37%
2023 CF Michael A. Taylor
37%
2023 2B Nick Gordon
37%
2025 1B Ty France
37%
2013 CF Aaron Hicks
32%
2014 CF Aaron Hicks
32%
2009 2B Alexi Casilla
32%
2011 SS Alexi Casilla
32%
2012 2B Alexi Casilla
32%
2022 LF Alex Kirilloff
32%
2001 1B Doug Mientkiewicz
32%
2002 1B Doug Mientkiewicz
32%
2003 1B Doug Mientkiewicz
32%
2004 1B Doug Mientkiewicz
32%
2020 CF Jake Cave
32%
2023 1B Joey Gallo
32%
2019 3B Marwin González
32%
2000 RF* Matt Lawton
32%
2001 RF Matt Lawton
32%
2000 C Matt LeCroy
32%
2003 DH Matt LeCroy
32%
2004 DH Matt LeCroy
32%
2017 DH Robbie Grossman
32%
2011 SP Carl Pavano
26%
2012 SP Carl Pavano
26%
2012 LF Josh Willingham
26%
2013 LF Josh Willingham
26%
2014 LF Josh Willingham
26%
2014 C* Kurt Suzuki
26%
2015 C Kurt Suzuki
26%
2016 C Kurt Suzuki
26%
2001 2B Luis Rivas
26%
2002 2B Luis Rivas
26%
2003 2B Luis Rivas
26%
2004 2B Luis Rivas
26%
2005 2B Luis Rivas
26%
2012 1B Chris Parmelee
21%
2013 RF Chris Parmelee
21%
2008 LF Delmon Young
21%
2010 LF Delmon Young
21%
2011 LF Delmon Young
21%
2015 DH Kennys Vargas
21%
2024 2B Kyle Farmer
21%
2014 RF Oswaldo Arcia
21%
2015 LF Oswaldo Arcia
21%
2000 1B Ron Coomer
21%
2010 SP Scott Baker
21%
2004 LF Shannon Stewart
21%
2005 LF Shannon Stewart
21%
2006 LF Shannon Stewart
21%
2011 2B Tsuyoshi Nishioka
21%
2016 DH Byung-Ho Park
16%
2008 CF Carlos Gómez
16%
2009 CF Carlos Gómez
16%
2005 SS Jason Bartlett
16%
2007 SS Jason Bartlett
16%
2005 DH Lew Ford
16%
2010 2B Orlando Hudson
16%
2015 SP Phil Hughes
16%
2014 SP Ricky Nolasco
16%
2012 RF Ryan Doumit
16%
2013 DH Ryan Doumit
16%
2013 SP Vance Worley
16%
2000 DH Butch Huskey
11%
2011 3B Danny Valencia
11%
2012 3B Danny Valencia
11%
2012 SS Jamey Carroll
11%
2010 SS J.J. Hardy
11%
2009 3B Joe Crede
11%
2003 SP Joe Mays
11%
2008 SP Liván Hernández
11%
2018 DH Logan Morrison
11%
2024 DH Manuel Margot
11%
2013 SS Pedro Florimón
11%
2014 SS Pedro Florimón
11%
2000 2B Todd Walker
11%
2006 2B Luis Castillo
5%
2007 2B Luis Castillo
5%
2008 3B Mike Lamb
5%
2009 C Mike Redmond
5%
2006 DH Rondell White
5%
2007 LF Rondell White
5%
2006 3B Tony Batista
5%
2008 SS Adam Everett
0%
2008 2B Brendan Harris
0%
2002 RF Brian Buchanan
0%
2014 DH Chris Colabello
0%
2008 DH Craig Monroe
0%
2007 DH Jeff Cirillo
0%
2015 CF Jordan Schafer
0%
No matching quizzes found
Score Distribution
Percent of People with Each Score
Percentile by Number Answered
Your Score History
You have not taken this quiz